| 000 | 00430nam a2200145Ia 4500 | ||
|---|---|---|---|
| 008 | 151021s9999 xx 000 0 und d | ||
| 020 | _a058232789x | ||
| 050 | _aG115.A1T5893483 2005 | ||
| 245 | _a_Tourism Rethinking the social science of mobility | ||
| 260 | _aEngland Pearson education limited 2005 | ||
| 300 | _axv,448p,ill 22cm | ||
| 500 | _ainclude index | ||
| 650 | _a_Tourism | ||
| 980 | _a^d20110222 09:26:16^okorir | ||
| 999 |
_c5322 _d5322 |
||